Normal view
MARC view
- Grimaldo Medina, Mariela
Entry Nombre Personal
001 - NUMERO DE CONTROL
- campo de control: 52371
003 - IDENTIFICADOR DE NUMERO DE CONTROL
- campo de control: DLC
005 - FECHA Y HORA DE LA ÜLTIMA TRANSACCIÓN
- campo de control: 20240612182627.0
008 - DATOS DE LONGITUD FIJA
- campo de control de longitud fija: 090828nn acnnnaabn |a aaa c
010 ## - NÚMERO DE CONTROL DE LA BIBLIOTECA DEL CONGRESO
- Número de control LC: no2009136927
035 ## - NUMERO DE CONTROL
- Número de control: (OCoLC)oca08222767
040 ## - FUENTE DE CATALOGACIÓN
- Agencia original de catalogación: MX-MxBN
- Lenguaje de catalogación: spa
- Agencia de transcripción: MX-MxBN
100 1# - ENCABEZAMIENTO - NOMBRE PERSONAL
- Nombre personal: Grimaldo Medina, Mariela
400 1# - VEÁSE - NOMBRE DE PERSONA
- Personal name: Medina, Mariela Grimaldo
670 ## - FUENTE EN LA QUE SE LOCALIZARON DATOS
- Cita de la fuente: Competencias lectoras, 2 : secundaria : comprensión lectora, 2009:
- Información localizada: portada (Mariela Grimaldo Medina)
670 ## - FUENTE EN LA QUE SE LOCALIZARON DATOS
- Cita de la fuente: Libro del maestro, 2000 :
- Información localizada: reverso de la portada (Mariela Grimaldo Medina)
902 ## - CATALOGADOR
- Catalogador: VíctorGodínez/120624
